000 00235nam a2200109Ia 4500
008 190912s9999||||xx |||||||||||||| ||und||
100 _aHarper,W.M.
245 0 _aStatistics
260 _aUSA
_bDorling
_c1995
300 _a501
942 _cBK
999 _c7078
_d7078